[Event "53rd Biel Classical 2020"]
[Site "Biel"]
[Date "2020.07.21"]
[Round "1.1"]
[White "Naiditsch, Arkadij"]
[Black "Studer, Noel"]
[Result "1-0"]
[WhiteElo "2626"]
[BlackElo "2580"]
[Annotator "TA"]
[PlyCount "67"]
[EventDate "2020.07.21"]
[EventType "tourn"]
[EventCountry "SUI"]
[SourceTitle "playchess.com"]
[Source "ChessBase"]
[SourceQuality "1"]

{[%evp 16,67,-1,0,11,2,14,0,8,-18,0,0,10,-8,14,-37,0,0,12,18,230,228,319,295,320,317,673,687,670,235,230,224,176,0,0,0,0,0,0,-27,499,463,469,456,451,439,5721,5392,3576,3041,29968,29968,29990,29991]} 1. e4 e5 2. Nf3 Nf6 3. Nc3 Nc6 4. g3 d5 5. exd5 Nxd5 6. Bg2 Nxc3 7. bxc3 Bc5 8. O-O O-O 9. d3 Bb6 {C47: Scotch Four Knights and Four Knights with 4 g3.} 10. a4 Re8 11. Nd2 Be6 {[#] The position is equal.} 12. Rb1 $146 ({Predecessor:} 12. Qh5 g6 13. Qh6 Bc5 14. Rb1 Bf8 15. Qe3 Ne7 16. Ne4 Nd5 17. Qf3 f5 18. Ng5 Nxc3 19. Nxe6 Rxe6 {1-0 (39) Acs,P (2548)-Balog,I (2403) Hungary 2008}) 12... Qd7 13. Nb3 Bg4 14. Qe1 e4 15. d4 (15. dxe4 $11 Be6 16. Qd1) 15... Re6 16. Be3 Rae8 17. Qd2 $36 {[%mdl 2048] Hoping for d5. White has good play.} Qd5 $2 {[#]} (17... Rd8 $1 $11) 18. c4 $1 $18 {[%cal Rc4d5,Bc3c4,Bc4c5,Bc5b6,Bb6c7][%mdl 544]} Qh5 (18... Qxc4 19. a5) 19. c5 Ne7 20. cxb6 Nf5 $2 (20... axb6 21. c4 Nf5) 21. bxc7 Bf3 22. Nc5 $2 (22. d5 Rf6 23. Nd4) 22... Bxg2 23. Nxe6 (23. Kxg2 Nh4+ 24. gxh4 Rg6+ 25. Bg5 Qf3+ 26. Kg1 Qg4+ 27. Kh1 Qf3+ 28. Kg1 Qg4+ 29. Kh1 Qf3+ 30. Kg1 $11) 23... fxe6 24. Bg5 $2 ({Stronger than} 24. Kxg2 Nh4+ 25. gxh4 Qf3+ 26. Kg1 Qg4+ 27. Kh1 Qf3+ 28. Kg1 Qg4+ 29. Kh1 Qf3+ 30. Kg1 $11) ({White should try} 24. Qc3 $18 Rc8 {[#]} 25. Qb3 $1 {[%mdl 512]} (25. Kxg2 Nh4+ 26. gxh4 Qf3+ 27. Kg1 Qg4+ {[%mdl 64] Double Attack} 28. Kh1 Qf3+ 29. Kg1 Qg4+ {[%mdl 64] Double Attack} 30. Kh1 Qf3+ 31. Kg1 $11)) 24... Bf3 $1 $11 25. h4 {And now Qc3 would win.} Qg4 $1 {[%cal Rg4h3] ( -> ...Qh3)} 26. Kh2 e3 $1 {[%cal Re3d2]} 27. Qc3 ({But not} 27. Bxe3 Bg2 $17) 27... exf2 $4 {[%mdl 8192]} (27... Rc8 $1 $11 28. Rb5 (28. Bxe3 $2 Nxh4 29. Bg5 Qxg5 $19) 28... Be2 {[%mdl 64] Double Attack}) 28. Bf4 $18 Bc6 {intending ...Nxh4.} 29. d5 exd5 30. Rxf2 d4 (30... Qg6 $142 31. Re1 Rc8) 31. Qc4+ Kh8 {[#]} 32. Qxc6 $1 {[%mdl 576] Promotion} bxc6 {[#]} 33. Rb8 $1 {[%cal Rb8e8][%mdl 512]} Nd6 34. Bxd6 {Accuracy: White = 86%, Black = 51%.} 1-0

[Event "53rd Biel Classical 2020"]
[Site "Biel"]
[Date "2020.07.21"]
[Round "1.2"]
[White "Harikrishna, Pentala"]
[Black "Adams, Michael"]
[Result "1/2-1/2"]
[WhiteElo "2719"]
[BlackElo "2701"]
[Annotator "TA"]
[PlyCount "91"]
[EventDate "2020.07.21"]
[EventType "tourn"]
[EventCountry "SUI"]
[SourceTitle "playchess.com"]
[Source "ChessBase"]
[SourceQuality "1"]

{[%evp 13,91,20,13,7,7,7,9,0,8,0,8,0,13,0,0,0,0,0,0,0,0,0,11,0,-2,0,24,24,18,22,32,39,35,29,27,12,11,2,65,14,85,74,79,79,58,72,71,77,60,60,69,60,80,80,80,80,79,87,73,72,74,23,48,0,0,0,0,0,0,0,0,0,0,0,0,0,0,0,0,0]} 1. e4 e5 2. Nf3 Nc6 3. Bb5 a6 4. Ba4 Nf6 5. O-O Be7 6. d3 b5 7. Bb3 d6 8. a3 $1 {[%mdl 4] now scores much better than the old 8.a4. Played by Ian Nepomniachtchi in June 2020. C84: Closed Ruy Lopez: Unusual White 6th moves.} Na5 9. Ba2 c5 10. Nc3 Be6 11. Nh4 O-O 12. Nf5 Nc6 13. Nd5 Bxf5 14. exf5 Rc8 {[#]} 15. c3 $146 ({Predecessor:} 15. a4 b4 16. Be3 Nxd5 17. Bxd5 Bf6 18. c4 bxc3 19. bxc3 Ne7 20. Bb7 Rb8 21. Bxa6 Nxf5 {½-½ (39) Vachier Lagrave,M (2779)-Svidler,P (2753) Biel 2018}) 15... Nxd5 16. Bxd5 Bf6 17. a4 Ne7 18. Qf3 Nxd5 19. Qxd5 Qd7 20. axb5 axb5 21. g4 Qe7 22. Ra6 Rfd8 23. Re1 h5 24. gxh5 Bg5 $1 {[%cal Rg5c1] [#] Threatens to win with ...Bxc1.} 25. f4 Bh4 (25... Bh6 $1 $11) 26. Re4 (26. Rf1 $1 $14) 26... Qf6 (26... Bf6 $11 {keeps the balance.}) 27. fxe5 $16 dxe5 28. Rxf6 Rxd5 29. Rb6 Rxd3 30. Kg2 Rd1 {aiming for ...Bd8.} 31. Be3 Re1 32. h6 b4 33. Rxh4 Rxe3 34. hxg7 Kxg7 {[%mdl 4096] Endgame KRR-KRR} 35. Kf2 ({Of course not} 35. cxb4 cxb4 36. Rg4+ Kh7 $11) 35... Rd3 {[#]} 36. Rbh6 $1 {f6+ would kill now.} Rg8 37. f6+ Kf8 38. Rc4 ({Much less strong is} 38. cxb4 $6 Ke8 $16) 38... Ke8 {The position is equal.} 39. Rxc5 bxc3 40. Rxe5+ Kd7 {Hoping for ...c2.} 41. bxc3 Rxc3 42. Rh4 Rc2+ 43. Ke3 Rc3+ 44. Kf2 Rc2+ 45. Ke3 Rc3+ 46. Kd4 {Accuracy: White = 91%, Black = 91%.} 1/2-1/2

[Event "53rd Biel Classical 2020"]
[Site "Biel"]
[Date "2020.07.21"]
[Round "1.3"]
[White "Keymer, Vincent"]
[Black "Anton Guijarro, David"]
[Result "1-0"]
[WhiteElo "2558"]
[BlackElo "2703"]
[Annotator "TA"]
[PlyCount "63"]
[EventDate "2020.07.21"]
[EventType "tourn"]
[EventCountry "SUI"]
[SourceTitle "playchess.com"]
[Source "ChessBase"]
[SourceQuality "1"]

{[%evp 18,63,0,0,11,12,24,12,40,54,68,50,50,58,64,56,85,72,94,104,119,104,116,108,122,137,159,156,154,148,156,177,168,148,216,184,337,339,414,406,392,406,400,402,725,556,1142,1108]} 1. d4 Nf6 2. c4 e6 3. Nf3 d5 4. Nc3 Bb4 5. e3 O-O 6. Bd2 b6 7. cxd5 exd5 8. Bd3 Bb7 9. O-O Nbd7 10. Qc2 a6 {E52: Nimzo-Indian: Rubinstein: 4...0-0 5 Nf3 d5 6 Bd3 b6.} 11. Ne5 c5 12. a3 cxd4 {[#] The position is equal.} (12... Bxc3 $5 13. Bxc3 c4 $11) 13. exd4 $5 $146 {[%mdl 8] New and interesting.} ({Predecessor:} 13. Nxd7 Qxd7 14. axb4 dxc3 15. Bxc3 d4 16. Bxd4 Bxg2 17. Bxf6 gxf6 18. Bf5 Qb7 19. Rfd1 {½-½ (28) Sandipan,C (2545)-Vatsal,S (2252) Mumbai 2020}) 13... Bxc3 14. Bxc3 Ne4 15. Bb4 $36 {[%mdl 2048] Black must now prevent Nxd7. White is pushing.} Re8 16. f3 Nef6 17. Rfe1 Rc8 18. Qf2 Nf8 19. Bd2 N6d7 20. Ng4 Qc7 21. Ne3 Ne6 22. Nf5 Ndf8 23. Rac1 Qd7 24. Qg3 Rxc1 25. Rxc1 Ng6 (25... h5 $16 26. h3 Ng6) 26. h4 $18 {Threatens to win with h5.} h5 $2 (26... Rc8 27. h5 (27. Rxc8+ Bxc8 28. h5 Ne7 $18) 27... Rxc1+ 28. Bxc1 Ne7 29. Qb8+ Nc8) 27. Nd6 Rd8 {[#]} 28. Nxf7 $1 {[%mdl 512]} Qxf7 29. Bxg6 ({Less strong is} 29. Qxg6 Qxg6 30. Bxg6 Nxd4 $18) 29... Qf6 30. Kh2 Qxd4 (30... Rf8 $142 31. Re1 Nf4) 31. Re1 Bc8 {[#]} 32. Rxe6 $1 {[%mdl 512] White took control after the opening. Accuracy: White = 95%, Black = 53%.} 1-0

[Event "53rd Biel Classical 2020"]
[Site "Biel"]
[Date "2020.07.21"]
[Round "1.4"]
[White "Wojtaszek, Radoslaw"]
[Black "Edouard, Romain"]
[Result "1/2-1/2"]
[WhiteElo "2719"]
[BlackElo "2649"]
[Annotator "TA"]
[PlyCount "80"]
[EventDate "2020.07.21"]
[EventType "tourn"]
[EventCountry "SUI"]
[SourceTitle "playchess.com"]
[Source "ChessBase"]
[SourceQuality "1"]

{[%evp 11,80,37,34,33,38,-13,32,35,44,30,36,24,60,51,63,2,24,0,0,0,0,0,0,0,0,0,0,0,0,0,0,0,0,0,18,18,19,0,0,0,0,0,0,0,0,0,0,0,0,-2,0,0,0,0,0,0,0,0,0,0,0,0,0,0,0,0,0,0,0,0,0]} 1. d4 Nf6 2. c4 e6 3. Nf3 d5 4. Nc3 c5 5. cxd5 cxd4 6. Qxd4 exd5 7. e4 {Hoping for Bb5+. D41: Queen's Gambit Declined: Semi-Tarrasch with 5 cxd5.} dxe4 8. Qxd8+ Kxd8 9. Ng5 {White is slightly better.} Be6 10. Nxe6+ fxe6 11. Bg5 h6 12. O-O-O+ {[%mdl 1024] White has compensation.} Ke7 $1 {[#]} 13. Bh4 $146 (13. Bxf6+ $14 gxf6 14. Nxe4) ({Predecessor:} 13. Bxf6+ gxf6 14. Nxe4 Bg7 15. Ng3 f5 16. Bd3 Rd8 17. Bxf5 Na6 18. Rxd8 Rxd8 19. Re1 {½-½ (39) Leiner,R (2357)-Kopeikin,V (2436) ICCF email 2015}) 13... Kf7 (13... g5 $5 14. Bg3 $8 Bg7 $14) 14. Rd8 {[#] Black must now prevent Bg3.} g5 {The position is equal.} 15. Bg3 Bg7 16. Rxh8 Bxh8 17. Bb5 a6 18. Ba4 b5 19. Bc2 Nc6 20. Nxe4 Nd4 21. Re1 Nxe4 22. Bxe4 Rc8+ 23. Kb1 Nf5 24. Rc1 Rxc1+ 25. Kxc1 Nxg3 26. fxg3 $11 {[%mdl 4096] Endgame KB-KB} b4 27. Kc2 a5 28. h3 g4 29. hxg4 Be5 30. a3 bxa3 31. bxa3 Bxg3 32. Kd3 Kf6 33. Bc6 Kg5 34. Bd7 Kxg4 35. Bxe6+ Kg5 36. a4 Bd6 37. g4 h5 38. gxh5 Kxh5 39. Kc4 Bb4 40. Kb5 Kg5 {Accuracy: White = 95%, Black = 96%.} 1/2-1/2

[Event "53rd Biel Classical 2020"]
[Site "Biel"]
[Date "2020.07.23"]
[Round "2.1"]
[White "Studer, Noel"]
[Black "Edouard, Romain"]
[Result "1/2-1/2"]
[WhiteElo "2580"]
[BlackElo "2649"]
[Annotator "TA"]
[PlyCount "110"]
[EventDate "2020.07.21"]
[EventType "tourn"]
[EventCountry "SUI"]

{[%evp 26,110,38,0,18,0,0,0,8,8,8,10,4,0,12,21,12,10,72,57,86,69,45,0,0,0,0,0,0,-28,-25,-33,-35,-22,-25,-44,-42,-61,-66,-64,-18,-71,-60,-66,-8,-12,-8,-8,-8,-8,-8,-8,-8,-8,-8,-8,0,0,0,0,0,-8,-8,-8,-8,-8,0,0,0,0,0,0,0,0,0,0,0,0,0,0,0,0,0,0,0,0,0]} 1. d4 Nf6 2. c4 e6 3. Nf3 d5 4. Nc3 c5 5. cxd5 Nxd5 6. e4 Nxc3 7. bxc3 cxd4 8. cxd4 Bb4+ 9. Bd2 Bxd2+ 10. Qxd2 O-O 11. Bc4 Nd7 12. O-O b6 13. Rfe1 Bb7 14. Rad1 Rc8 {D41: Queen's Gambit Declined: Semi-Tarrasch with 5 cxd5.} 15. Bb3 Re8 16. h3 Nf6 17. Qf4 Nh5 18. Qh2 h6 {[#]} 19. Re3 $146 ({Predecessor:} 19. Nd2 b5 20. Qe5 Qg5 21. Qxg5 hxg5 22. Nf3 g4 23. hxg4 Nf6 24. Ng5 a5 25. Rb1 {½-½ (52) Mamedyarov,S (2774)-Ding,L (2805) Zagreb 2019}) 19... Nf6 20. d5 exd5 21. e5 $1 {[%cal Re5f6]} Nh7 (21... Nd7 $11 {remains equal.}) 22. Nd4 $16 {[%mdl 1024] White has strong compensation.} Qd7 23. Qf4 Nf8 24. Nf5 Ng6 $1 {[%cal Rg6f4]} 25. Qg4 {[#] Strongly threatening Nxh6+!} Rc7 $1 26. Rde1 {e6! is the strong threat.} Kh7 27. f4 Bc8 $36 {[%mdl 2048] Black has good play.} 28. Nd6 {And now Qxd7 would win.} Qxg4 29. hxg4 Rd8 30. Nxc8 Rdxc8 31. f5 Ne7 $1 32. Kf2 b5 33. Rd3 {[#]} (33. Rd1 $11 {keeps the balance.}) 33... Rc5 $1 $17 34. Red1 {[%cal Rb3d5]} Rd8 (34... Nc6 $15 35. Rxd5 Nxe5) 35. f6 $11 {The position is equal.} gxf6 36. exf6 Ng8 37. Rxd5 Rcxd5 38. Rxd5 Rxd5 39. Bxd5 Nxf6 40. Bxf7 Nxg4+ {[%mdl 4096] Endgame KB-KN} 41. Ke2 Kg7 42. Be8 a6 43. Kd3 Kf6 44. Kc3 Ke7 45. Bh5 $1 {[%cal Rh5g4]} Ne3 46. Bf3 $1 Kd6 47. Kb4 $1 Nc2+ 48. Kc3 Ne3 49. Kb4 $1 Nd5+ 50. Bxd5 Kxd5 {K3P-KPP} 51. Ka5 h5 52. Kxa6 Kc6 53. g3 b4 54. Ka5 Kc5 55. Ka6 $1 Kc6 {Accuracy: White = 91%, Black = 90%.} (55... Kc4 $5 56. Kb6 $8 b3 57. axb3+ Kxb3 $11) 1/2-1/2

[Event "53rd Biel Classical 2020"]
[Site "Biel"]
[Date "2020.07.23"]
[Round "2.2"]
[White "Anton Guijarro, David"]
[Black "Wojtaszek, Radoslaw"]
[Result "1/2-1/2"]
[WhiteElo "2703"]
[BlackElo "2719"]
[Annotator "TA"]
[PlyCount "81"]
[EventDate "2020.07.21"]
[EventType "tourn"]
[EventCountry "SUI"]

{[%evp 9,81,3,7,16,10,2,18,18,26,19,36,0,7,5,22,15,14,22,22,19,24,20,27,20,25,24,25,26,24,27,25,0,0,0,0,0,0,0,0,0,0,3,22,0,0,0,0,0,0,-22,-20,-25,-18,-22,-12,-9,-16,-15,0,0,0,0,0,0,0,0,0,0,0,0,0,0,0,0]} 1. e4 c5 2. Nf3 d6 3. d4 cxd4 4. Qxd4 Nf6 5. Bg5 Nc6 6. Bb5 {B53: Sicilian: 2...d6: Lines with Qxd4.} Bd7 7. Qd3 Ng4 8. Nc3 h6 {[#]} 9. Bf4 $146 ({Predecessor:} 9. Bxc6 Bxc6 10. Bh4 g5 11. Bg3 Bg7 12. Nd4 Ne5 13. Qe2 Bd7 14. O-O Rc8 15. Nd5 {0-1 (41) Bojkovic,N (2395)-Sebag,M (2512) Gaziantep 2012}) 9... g5 10. Bxc6 Bxc6 11. Bd2 Bg7 12. h3 Ne5 13. Nxe5 Bxe5 14. O-O-O Qb6 15. Be3 Qa5 16. Bd4 f6 17. Kb1 Bxd4 18. Qxd4 Qe5 19. Qd2 h5 20. h4 O-O-O 21. f3 Kb8 22. Nd5 g4 23. Rhe1 gxf3 24. gxf3 Rhg8 25. b3 Rg3 26. Re3 {[#] Hoping for f4.} Rdg8 27. Nb4 Bd7 28. Nd3 Qd4 29. Nf4 Qxd2 30. Rxd2 Rg1+ 31. Kb2 {The position is equal.} Rh1 32. Nd5 Rg7 33. Ree2 Rxh4 34. Rg2 Rxg2 35. Rxg2 $11 {[%mdl 4096] [#] Endgame Black must now prevent Rg8+. KRB-KRN} Be6 36. Nxe7 Rf4 $1 37. Rh2 Rxf3 38. Rxh5 Rf4 39. Nd5 Bxd5 40. exd5 b5 41. Rh7 {Not much happened in this game. Accuracy: White = 93%, Black = 100%.} 1/2-1/2

[Event "53rd Biel Classical 2020"]
[Site "Biel"]
[Date "2020.07.23"]
[Round "2.3"]
[White "Adams, Michael"]
[Black "Keymer, Vincent"]
[Result "1-0"]
[WhiteElo "2701"]
[BlackElo "2558"]
[Annotator "TA"]
[PlyCount "137"]
[EventDate "2020.07.21"]
[EventType "tourn"]
[EventCountry "SUI"]

{[%evp 15,137,0,0,0,0,0,25,14,15,6,14,15,18,33,29,30,16,19,25,25,20,19,27,13,16,19,56,47,47,47,47,47,49,52,52,49,185,89,103,114,108,73,135,93,119,102,179,177,312,305,303,297,247,270,244,236,356,348,345,327,318,166,161,135,371,375,367,369,488,450,481,471,468,452,433,430,629,649,625,620,624,570,593,534,518,366,777,770,691,727,662,0,571,555,500,500,854,941,925,921,893,819,775,773,764,816,927,987,918,837,517,339,1115,1115,29979,29982,29991,29992,29992,29992,29994,29994,29994,29994]} 1. e4 c5 2. Nf3 d6 3. d4 cxd4 4. Nxd4 Nf6 5. Nc3 a6 6. a4 e5 7. Nf3 Be7 8. Bc4 Be6 9. Qe2 {B90: Sicilian Najdorf: Unusual White 6th moves, 6 Be3 Ng4 and 6 Be3 e5.} Qc8 10. Bb3 {[#]} Nbd7 $146 ({Predecessor:} 10... Bxb3 11. cxb3 h6 12. O-O Qe6 13. b4 Nc6 14. b5 Nb4 15. a5 O-O 16. Ra4 d5 17. exd5 Nfxd5 18. bxa6 Rxa6 19. Qxe5 Qxe5 20. Nxe5 Nxc3 21. bxc3 {½-½ (31) Hassim,U (2314)-Mesquita Jr,F (2317) ICCF email 2018}) 11. Bg5 {White has an edge.} Bd8 12. a5 Bxb3 13. cxb3 Qc5 14. Be3 Qc6 15. Qc4 Rc8 16. Nd2 Ng4 17. Qe2 Nxe3 18. Qxe3 b5 19. axb6 Bxb6 20. Qe2 a5 21. O-O Nf6 22. Nc4 O-O 23. Nxa5 Bxa5 24. Rxa5 Rb8 25. Ra6 Rb6 {[#]} (25... Qc7 $14) 26. Rfa1 (26. b4 $1 $18 {[%mdl 512] is more deadly.}) 26... Qb7 $16 27. Rxb6 Qxb6 28. Ra6 $36 {[%mdl 2048] Black is under strong pressure.} Qb8 ({Black should try} 28... Qxb3 29. Rxd6 Qb4) 29. g3 h5 30. h4 Qb4 (30... Rd8 $16 {might work better.}) 31. Qc4 $18 Rb8 {[#]} (31... Qc5 $142 32. Rc6 Qxc4 33. Rxc4 (33. bxc4 Rb8 $16) 33... Rb8) 32. Ra8 $1 {And now Qxb4 would win.} Qb7 33. Rxb8+ Qxb8 34. b4 Qa7 {intending ...Qa1+.} 35. Kg2 g6 (35... Ng4 $142 36. Qe2 Nf6) 36. b5 Ng4 37. Qe2 Nf6 38. Qd3 (38. Qe3 $142 Qb8 39. b4) 38... Ng4 39. Qd2 {Nd5 is the strong threat.} Kg7 $2 (39... Qc5 $16 40. Qe2 Nf6) 40. Nd5 Qc5 41. b6 Qc4 42. f3 Nf6 43. Nxf6 {[%mdl 64] Discovered Attack} Kxf6 44. Qxd6+ {[%mdl 4096] Endgame KQ-KQ} Kg7 45. Qxe5+ Kh7 (45... Kg8 $142 46. Qc3 Qb5) 46. Qc3 Qb5 47. Qd4 Qe2+ 48. Qf2 Qd3 49. e5 Qb5 50. f4 Kg8 $2 (50... Kg7 51. b3 Kf8) 51. Kg1 Qb3 52. Kf1 Qd3+ 53. Kg2 Qb5 $1 54. g4 hxg4 55. Kg3 Qb3+ (55... Qd7 $142 56. Qe3 Qd5) 56. Kxg4 Qd1+ 57. Kg3 Qb3+ 58. Kh2 Qb4 59. Kg2 Kf8 60. Kf3 Ke8 61. Kg4 Kf8 62. h5 gxh5+ 63. Kxh5 Qb3 $2 (63... Qe4 64. b4 Qh7+ 65. Kg4 Qg6+ 66. Kf3 Qc6+ 67. Ke2 Qe4+ 68. Qe3 Qxb4) 64. Kg5 Kg7 65. f5 {White mates.} Qb4 66. f6+ Kf8 67. Qg2 {[%cal Rg2a8]} Qa4 68. b7 Qb5 69. Kh6 {Accuracy: White = 84%, Black = 53%.} 1-0

[Event "53rd Biel Classical 2020"]
[Site "Biel"]
[Date "2020.07.23"]
[Round "2.4"]
[White "Naiditsch, Arkadij"]
[Black "Harikrishna, Pentala"]
[Result "1/2-1/2"]
[WhiteElo "2626"]
[BlackElo "2719"]
[Annotator "TA"]
[PlyCount "87"]
[EventDate "2020.07.21"]
[EventType "tourn"]
[EventCountry "SUI"]

{[%evp 14,87,30,33,31,25,23,4,4,3,23,21,19,28,23,21,76,78,75,73,77,60,75,52,64,64,49,48,64,64,65,34,37,31,40,31,35,35,35,32,40,39,54,43,46,28,36,35,35,45,81,81,76,8,25,8,8,8,8,8,8,0,0,0,0,0,0,0,0,3,8,0,8,0,8,0]} 1. e4 c5 2. Nf3 e6 3. d4 cxd4 4. Nxd4 Nc6 5. Nc3 Qc7 6. Be3 a6 7. a3 {7.Qf3 is becoming the main line.} b5 8. Nxc6 Qxc6 {B48: Sicilian: Taimanov: 5 Nc3 Qc7 6 Be3 a6 without Be2.} 9. Qd4 Bb7 10. O-O-O Rc8 11. Bd3 {[#]} Qc5 $146 ({Predecessor:} 11... Nf6 12. e5 Nd5 13. Be4 Bxa3 14. Nxd5 exd5 15. Bd3 Bc5 16. Qf4 b4 17. Bxc5 Qxc5 {0-1 (24) Paramzina,A (2225)-Kollars,D (2505) Caleta 2018}) 12. Rhe1 Qxd4 13. Bxd4 Ne7 14. f4 b4 (14... Nc6 $11 15. Bb6 d6) 15. axb4 $16 Nc6 16. Bf1 Nxb4 17. Kb1 Rg8 18. h4 h6 19. h5 Be7 20. Re3 Bh4 21. Rh3 Bf6 22. Rg3 {[#] Hoping for Bxf6.} Bxd4 23. Rxd4 Nc6 24. Ra4 Ke7 25. Bxa6 Bxa6 26. Rxa6 g6 27. hxg6 Rxg6 28. Rxg6 fxg6 $14 {[%mdl 4096] Endgame KRN-KRN} 29. Kc1 Rf8 30. Ne2 e5 31. g3 exf4 32. Nxf4 Kf7 33. b4 (33. Kd2 $16) 33... Nxb4 $11 34. Rxg6 {Threatening Rd6.} Rc8 {aiming for ...Nd3+!The position is equal.} 35. Rxh6 (35. Rd6 {feels hotter.} Rxc2+ 36. Kd1 Ke8 37. Rxh6 Rc4 38. Rh8+) 35... Rxc2+ 36. Kd1 {Strongly threatening Rh7+.} Rc4 37. e5 Rd4+ 38. Ke2 Re4+ 39. Kf3 Rxe5 40. Rh7+ Ke8 41. Rh8+ Kf7 42. Rh7+ Ke8 43. Rh8+ Kf7 44. Rh7+ {Accuracy: White = 91%, Black = 92%.} 1/2-1/2

[Event "53rd Biel Classical 2020"]
[Site "Biel"]
[Date "2020.07.23"]
[Round "3.1"]
[White "Harikrishna, Pentala"]
[Black "Studer, Noel"]
[Result "1/2-1/2"]
[WhiteElo "2719"]
[BlackElo "2580"]
[Annotator "TA"]
[PlyCount "103"]
[EventDate "2020.07.21"]
[EventType "tourn"]
[EventCountry "SUI"]
[SourceTitle "playchess.com"]
[Source "ChessBase"]
[SourceQuality "1"]

{[%evp 17,103,-8,-5,0,0,-22,0,-38,-19,-28,-29,-64,-48,-46,-50,-58,-56,-64,-45,-30,-24,-125,-127,-121,-82,-81,-86,-115,-116,-118,-121,-120,-123,-112,-102,-91,-84,-135,-118,-145,-143,-177,-179,-177,-141,-191,-72,-67,-70,-70,-62,-85,-30,-81,-16,-54,0,0,0,-173,0,-20,-13,-12,0,0,0,-66,0,0,0,0,0,0,0,0,0,0,0,0,0,0,0,0,0,0,0,0]} 1. d4 Nf6 2. c4 e6 3. Nc3 Bb4 4. e3 O-O 5. Nf3 d5 6. Bd2 b6 7. cxd5 exd5 8. Bd3 Bb7 9. O-O Bd6 10. Qc2 {E52: Nimzo-Indian: Rubinstein: 4...0-0 5 Nf3 d5 6 Bd3 b6.} c5 11. dxc5 bxc5 {[#]} 12. Ne2 $146 ({Predecessor:} 12. Nb5 Be7 13. Rfd1 Nbd7 14. Nc3 Bd6 15. Nb5 Bb8 16. b4 c4 17. Bf5 a6 18. Nbd4 {0-1 (70) Schulze,G (1931)-Ludwig,C (2080) GER email 2013}) 12... Qe7 13. Ng3 g6 14. Rfe1 Ne4 15. Bc3 f5 16. Rad1 Nc6 17. Qa4 Rad8 18. Bb5 Qc7 19. Rxd5 (19. Ne2 $11) 19... Nxc3 $17 20. bxc3 Ne5 21. Rxe5 Bxe5 22. Ng5 Bd5 23. c4 Bf7 $36 {[%mdl 2048] Black is in control.} 24. Nxf7 Rxf7 25. Bc6 {Bd5 would now be nice for White.} Rf6 26. Bd5+ Kg7 27. f4 ({Better is} 27. Rb1 Rb6 28. Rxb6 Qxb6 29. Nf1) 27... Bc3 28. Rb1 {Hoping for Rb7!} Rb6 29. Rb3 {[#]} Rxb3 $1 30. axb3 Rb8 31. Kf2 Qa5 (31... Rb4 $19 {and Black stays clearly on top.} 32. Qe8 Bf6 33. Qg8+ Kh6 34. Qf8+ Qg7 35. Qxc5 Rxb3) 32. Qd7+ Kh8 {...Qa2+ is the strong threat.} 33. Ne2 Bg7 34. h3 Qb6 ({Black should play} 34... a6 $17) 35. g4 (35. Nc1 $11 {remains equal.}) 35... a5 ({Of course not} 35... Qxb3 36. gxf5 gxf5 37. Qxa7 $15) (35... fxg4 $17 36. hxg4 a5) 36. gxf5 $11 Qf6 (36... gxf5 $15 37. Qxf5 Qf6 38. Qxf6 Bxf6) 37. fxg6 hxg6 38. Qa4 $2 (38. Be4 $11 {and White stays safe.}) 38... Qb6 $2 (38... Qh4+ $19 39. Kg2 Qe1) 39. Qa2 Rf8 40. Kg2 Qb4 41. Qc2 Qe1 42. Bf3 (42. Qd3 $11) 42... Kh7 ({Black should try} 42... Bf6 $1 $15 43. Ng3 Kg7) 43. Qd3 {The position is equal.} Bf6 44. Qd7+ $1 Kh6 {aiming for ...Rd8.} 45. Qd6 Kg7 46. Qxc5 Bh4 47. Qd4+ Kh6 48. e4 Rd8 49. Qc5 $1 Rd2 50. Qf8+ Kh7 51. Qf7+ Kh6 {[#] ( -> ...Qg3+)} (51... Kh8 $5 52. Qf8+ $8 Kh7 53. Qf7+ Kh8 54. Qf8+ Kh7 $11) 52. Qf8+ {Accuracy: White = 67%, Black = 75%.} 1/2-1/2

[Event "53rd Biel Classical 2020"]
[Site "Biel"]
[Date "2020.07.23"]
[Round "3.2"]
[White "Keymer, Vincent"]
[Black "Naiditsch, Arkadij"]
[Result "1-0"]
[WhiteElo "2558"]
[BlackElo "2626"]
[Annotator "TA"]
[PlyCount "55"]
[EventDate "2020.07.21"]
[EventType "tourn"]
[EventCountry "SUI"]
[SourceTitle "playchess.com"]
[Source "ChessBase"]
[SourceQuality "1"]

{[%evp 13,55,21,46,47,46,46,56,78,83,77,85,75,74,83,80,71,79,59,118,133,162,0,233,233,316,311,519,514,507,515,497,495,477,495,1617,1589,1513,1291,29975,6295,29977,962,2955,2203]} 1. d4 Nf6 2. c4 g6 3. g3 Bg7 4. Bg2 O-O 5. Nc3 d6 6. Nf3 c6 7. e4 Bg4 8. h3 {E62: King's Indian: Fianchetto: 6...c6 and Panno Variation (6...Nc6) without ...a6.} Bxf3 9. Bxf3 e5 {next ...exd4 is good for Black.} 10. d5 {White is slightly better.} cxd5 11. cxd5 {[#]} a5 $146 ({Predecessor:} 11... Qd7 12. Bg2 Na6 13. h4 b5 14. Qe2 Rfb8 15. Bh3 Qb7 16. O-O b4 17. Na4 Nc7 {1-0 (60) Kveinys,A (2565)-Luckans,A (2455) Riga 2004}) 12. Be3 Na6 13. h4 h5 14. g4 hxg4 15. Bxg4 Nxg4 ({Black should play} 15... a4 $14) 16. Qxg4 $16 Nb4 {White should prevent ...Nc2+.} 17. h5 $2 (17. O-O-O $18) 17... f5 $2 (17... Nc2+ $11 18. Ke2 Nxa1 19. Rxa1 a4) 18. Qxg6 $18 {[#] Hoping for h6.} Rf6 19. Qg2 {aiming for h6.} Kh7 $2 (19... Kf7 {was necessary.} 20. h6 Bh8) 20. exf5 Nc2+ 21. Kd2 Nxe3 22. fxe3 {[#] And now h6! would win.} Qb6 23. Kc2 Rc8 (23... Qc7 $142 24. h6 Bh8) 24. Rag1 {[%csl Gg1][%cal Rg2g7]} Bh6 25. Kb1 Qxe3 26. Ne4 Rff8 27. Qg6+ Kh8 28. Nf6 {Accuracy: White = 95%, Black = 45%.} 1-0